Cincinnati Bengals 2021 Roster - Statistics

General Stats
  • This quiz has been taken 459 times
  • The average score is 21 of 34
Answer Stats
Pos. Player % Correct
QB Joe Burrow
100%
WR Ja'Marr Chase
98%
RB Joe Mixon
98%
WR Tee Higgins
95%
WR Tyler Boyd
91%
DE Trey Hendrickson
79%
Coach Zac Taylor
79%
S Jesse Bates
78%
K Evan McPherson
75%
WR Trent Taylor
75%
RB Semaje Perine
74%
TE CJ Uzomah
72%
CB Eli Apple
72%
QB Brandon Allen
69%
LB Logan Wilson
69%
DE Sam Hubbard
68%
S Ricardo Allen
64%
S Vonn Bell
64%
CB Mike Hilton
60%
DT DJ Reader
59%
CB Chidobe Awuzie
58%
LB Germaine Pratt
58%
P Kevin Huber
58%
TE Drew Sample
55%
OT Jonah Williams
54%
WR Auden Tate
39%
WR Mike Thomas
38%
DT Larry Ogunjobi
34%
C Trey Hopkins
33%
OG Jackson Carman
31%
LB Akeem Davis-Gaither
29%
OT Riley Reiff
28%
CB Trae Waynes
28%
OG Xavier Su'a-Filo
14%
No matching quizzes found
Score Distribution
Percent of People with Each Score
Percentile by Number Answered
Your Score History
You have not taken this quiz